Znalostný trojuholník a inovácie
Rozvoj ekonomiky založenej na znalostiach a rozvoj európskeho univerzitného vzdelávania. Podpora takzvaných výskumných univerzít, ktorých cieľom je príprava vysoko kvalifikovaného ľudského kapitálu na báze súčasného vedeckého výskumu. Opatrenia Európskej komisie v oblasti inovácii a znalostí.
Gespeichert in:
| 1. Verfasser: | |
|---|---|
| Format: | Buchkapitel |
| Sprache: | Slowakisch |
| Schlagworte: | |
| Tags: |
Keine Tags, Fügen Sie das erste Tag hinzu!
|
MARC
| LEADER | 00000naa$a2200000$$$4500 | ||
|---|---|---|---|
| 001 | 0210187 | ||
| 005 | 20240502083524.7 | ||
| 041 | 0 | |a slo | |
| 044 | |a PL | ||
| 245 | 1 | 0 | |a Znalostný trojuholník a inovácie |c Vladimír Gonda |
| 520 | |a Rozvoj ekonomiky založenej na znalostiach a rozvoj európskeho univerzitného vzdelávania. Podpora takzvaných výskumných univerzít, ktorých cieľom je príprava vysoko kvalifikovaného ľudského kapitálu na báze súčasného vedeckého výskumu. Opatrenia Európskej komisie v oblasti inovácii a znalostí. | ||
| 610 | 2 | 0 | |a univerzity |
| 610 | 2 | 0 | |a školy vysoké |
| 610 | 2 | 0 | |a štúdium vysokoškolské |
| 610 | 2 | 0 | |a výučba vedecká |
| 610 | 2 | 0 | |a inovácia |
| 610 | 2 | 0 | |a výskum |
| 610 | 2 | 0 | |a efektívnosť vzdelávania |
| 610 | 2 | 0 | |a ekonomika znalostná |
| 100 | 1 | |a Gonda, Vladimír | |